Second words: Selected critical prose

Αποθηκεύτηκε σε:
Λεπτομέρειες βιβλιογραφικής εγγραφής
Κύριος συγγραφέας: Atwood, Margaret
Μορφή: Βιβλίο
Γλώσσα:Undetermined
Έκδοση: Toronto, Canadá Anansi 1982
Θέματα:
Ετικέτες: Προσθήκη ετικέτας
Δεν υπάρχουν, Καταχωρήστε ετικέτα πρώτοι!

MARC

LEADER 00000nam a2200000Ia 4500
008 170316s9999 xx 000 0 und d
090 |a 818 A-7s 
100 |a Atwood, Margaret 
245 |a Second words: Selected critical prose 
260 |a Toronto, Canadá 
260 |b Anansi 
260 |c 1982 
300 |a 444 páginas 
650 |a LITERATURA CANADIENSE 
999 |c 21739  |d 21739 
040 |a cru BVZT 
942 |c 15 D  |h 818 A-7s  |2 z